LEADER 01555nam0-2200517---450- 001 990000070390203316 005 20000606 010 $a0-201-25592-8 035 $a0007039 035 $aUSA010007039 035 $a(ALEPH)000007039USA01 035 $a0007039 100 $a20000606d1998----|||y0itay0103----ba 101 0 $aEng 102 $aUS 105 $a||||||||001yy 200 1 $aManaging risk$emethods for software systems development$fElaine M. Hall 210 $aReading$cAddison-Wesley$dc1998 215 $aXXI, 374 p.$d25 cm 225 2 $aThe SEI series in software engineering 410 0$a12001$aThe SEI series in software engineering 610 $aSoftware$aSviluppo 676 $a005.10681 700 1$aHALL,$bElaine M.$0753816 801 $aIT$bSALBC$gISBD 912 $a990000070390203316 951 $a005.10681 HAL$b13695 Ing$c005.10681$d00003397 959 $aBK 969 $aTEC 979 $c20000914$lUSA01$h1732 979 $c20000919$lUSA01$h1047 979 $c20000919$lUSA01$h1521 979 $c20001019$lUSA01$h1055 979 $c20001019$lUSA01$h1453 979 $c20001019$lUSA01$h1500 979 $c20001019$lUSA01$h1538 979 $c20001024$lUSA01$h1514 979 $c20001027$lUSA01$h1518 979 $c20001027$lUSA01$h1523 979 $c20001110$lUSA01$h1709 979 $c20001124$lUSA01$h1207 979 $aPATTY$b90$c20011012$lUSA01$h1701 979 $c20020403$lUSA01$h1614 979 $aPATRY$b90$c20040406$lUSA01$h1606 996 $aManaging risk$91516470 997 $aUNISA LEADER 04491nam 2200589 450 001 9910135049103321 005 20231107055523.0 010 $a1-119-11923-5 010 $a1-119-11924-3 010 $a1-119-17671-9 035 $a(CKB)4330000000009102 035 $a(EBL)4653503 035 $a(Au-PeEL)EBL4653503 035 $a(CaPaEBR)ebr11251029 035 $a(CaONFJC)MIL950683 035 $a(OCoLC)957525267 035 $a(CaSebORM)9781119119210 035 $a(MiAaPQ)EBC4653503 035 $a(EXLCZ)994330000000009102 100 $a20160905h20162016 uy 0 101 0 $aeng 135 $aur|n|---||||| 181 $2rdacontent 182 $2rdamedia 183 $2rdacarrier 200 10$aCapital projects $ewhat every executive needs to know to avoid costly mistakes and make major investments pay off /$fPaul Barshop 210 1$aHoboken, New Jersey :$cWiley,$d2016. 210 4$dİ2016 215 $a1 online resource (227 p.) 225 1 $aTHEi Wiley ebooks 300 $aIncludes index. 311 $a1-119-11921-9 327 $aCapital Projects: What Every Executive Needs to Know to Avoid Costly Mistakes and Make Major Investments Pay Off; Contents; Acknowledgments; 1: Falling Short of Expectations: How Executives Struggle to Deliver the Value from Their Capital Projects; Background and Basis for the Book; Capital Projects Create Value; Most Projects Create Less Value Than Expected; Results Apply to All Types of Projects; Sources of Value Erosion Are Not Limited to Cost and Schedule Overruns; How to Deliver the Value Promised; Causes of Value Erosion Often Start Early 327 $a2: Why the Stage-Gate Process Is the Best Tool Executives Can Use to Get the Most Value from Their Capital ProjectsA Necessary Process; How Does the Process Work?; Assess: What Do We Want to Accomplish?; Select and Define: How Should We Accomplish It?; What Is the Role of Executives in the Process?; Different Kinds of Executives; Project Governance Structures; Stage-Gates and Executive Control; 3: The Project Frame: Understand the Opportunity before Starting a Project; Typical Contents of a Project Frame; Unlock Value by Finding a Better Option; How to Develop a Project Frame 327 $aWhere Are We Now?Where Do We Want to Be?; Use the Frame for Executive Alignment and Endorsement; Develop the Target Condition; How Do We Get There?; 4: The Critical Project Sponsor Role; Who Is the Project Sponsor?; Overview of Project Sponsor Role; Assign a Project Sponsor as the Initial Business Case Is Developed; Requirements for a Strong Project Sponsor; Make the Project Sponsor Own the Business Case; Establish the Mandate for the Project Sponsor; Hold Project Sponsors Accountable at the Stage-Gates; Focus on the Project Sponsor Behaviors That Produce Robust Business Cases 327 $aBuilding a Strong Project Sponsor and Project Manager RelationshipChoosing the Right Project Sponsor; Seniority and Credibility; Knowledge of the Business and Its Operations; Interpersonal and Critical Thinking Skills; Understanding of Basic Project Management Concepts; Continuity; 5: The Single Most Important Thing an Executive Can Do to Make Any Capital Project Succeed: Define Clear Objectives; Business Objectives versus Project Objectives; Developing Clear Objectives; Developing Comprehensive Objectives; Confirm Alignment of Objectives with Business and Corporate Strategy 327 $aSurface Strategic Objectives EarlyCommunicating the Objectives; Communicate the Uncertainty in the Business Case to Get Better Project Objectives; Explain the Objectives Face-to-Face; Executives Have to Show Up and Participate; Prioritizing the Objectives; 6: The Executive's Role in Building and Supporting High-Performing Project Teams; Executive Leaders Lead; Invest in a Strong Owner Project Team; Why You Need a Functionally Integrated Team; Help the Project Manager Get the Resources for a Functionally Integrated Team; Do Not Outsource the Owner Team Role 327 $aMore Experienced Project Teams Do Better Projects 410 0$aTHEi Wiley ebooks. 606 $aCapital investments 606 $aProject management 615 0$aCapital investments. 615 0$aProject management. 676 $a658.15/2 700 $aBarshop$b Paul H.$f1964-$0980483 801 0$bMiAaPQ 801 1$bMiAaPQ 801 2$bMiAaPQ 906 $aBOOK 912 $a9910135049103321 996 $aCapital projects$92237164 997 $aUNINA